[Event "AUTO-MASTER-2498"]
[Site "http://www.queenalice.com/game.php?id=1461809"]
[Date "2017.1.29"]
[Round "2"]
[White "Bruscato"]
[Black "Zugswang"]
[Result "0-1"]
[WhiteElo "2008"]
[BlackElo "2140"]

1. e4 c5 2. Nf3 Nc6 3. Bc4 e6 4. c3 Nf6 5. Qc2 d6 6. d3 h6 7. Be3 Ng4 8. Na3
Nxe3 9. fxe3 Be7 10. O-O-O a6 11. Rhf1 b5 12. Bb3 Qb6 13. c4 O-O 14. d4 Bf6 15.
e5 dxe5 16. d5 exd5 17. cxd5 Nb4 18. Qe4 c4 19. Bc2 Nxc2 20. Nxc2 Qd6 21. g4 g6
22. h4 Bg7 23. h5 g5 24. Nh2 Bd7 25. Qf3 f5 26. gxf5 Rxf5 27. Qe4 Raf8 28. Rxf5
Bxf5 29. Qg2 b4 30. e4 Bd7 31. Ne3 Qc5 32. Nhg4 b3 33. axb3 cxb3+ 34. Kb1 Qa5
35. Nc4 Qa2+ 36. Kc1 Rc8 37. Ne3 Qa4 0-1

[Event "AUTO-OPEN-3786"]
[Site "http://www.queenalice.com/game.php?id=1472375"]
[Date "2017.4.7"]
[Round "1"]
[White "kingdave"]
[Black "Zugswang"]
[Result "0-1"]
[WhiteElo "2235"]
[BlackElo "2175"]

1. e4 c5 2. Nf3 Nc6 3. d4 cxd4 4. Nxd4 Nf6 5. Nc3 d6 6. Bg5 e6 7. Qd2 h6 8. Bxf6
Qxf6 9. Ndb5 Qd8 10. Rd1 a6 11. Nxd6+ Bxd6 12. Qxd6 Qxd6 13. Rxd6 Ke7 14. Rd2 b5
15. Be2 Bb7 16. O-O Rad8 17. Rfd1 Ne5 18. Rxd8 Rxd8 19. Rxd8 Kxd8 20. f4 Ng6 21.
g3 Kc7 22. a3 Kd6 23. Kf2 Kc5 24. Ke3 f5 25. b4+ Kd6 26. a4 bxa4 27. Nxa4 Bxe4
28. c4 e5 29. c5+ Kc7 30. fxe5 Nxe5 31. Bxa6 Ng4+ 32. Kf4 g5# 0-1

[Event "AUTO-OPEN-3786"]
[Site "http://www.queenalice.com/game.php?id=1472376"]
[Date "2017.4.7"]
[Round "1"]
[White "Zugswang"]
[Black "kingdave"]
[Result "0-1"]
[WhiteElo "2177"]
[BlackElo "2251"]

1. c4 Nf6 2. d4 e6 3. Nc3 Bb4 4. Qc2 O-O 5. e4 d6 6. Bd2 Nc6 7. Nf3 e5 8. d5 Ne7
9. h3 Ng6 10. Bd3 Nf4 11. Bf1 c6 12. g3 Ng6 13. Bg2 cxd5 14. Nxd5 Bc5 15. b4 Bb6
16. O-O Be6 17. g4 Rc8 18. Qd3 a6 19. Rac1 Nxd5 20. exd5 Bd7 21. Bg5 f6 22. Be3
Re8 23. Nd2 Bxe3 24. fxe3 Qb6 25. Qc3 Nf4 26. c5 dxc5 27. Rxf4 exf4 28. bxc5
fxe3 29. Ne4 Rxe4 30. Bxe4 e2 31. Kf2 Qd8 32. Kxe2 Bb5+ 33. Kf3 g6 34. c6 bxc6
35. dxc6 Qd6 36. c7 Qh2 37. Bd5+ Kg7 38. Be6 Qe2+ 39. Kf4 Qxe6 40. Qc5 g5+ 41.
Kg3 Qe5+ 42. Qxe5 fxe5 43. Kf3 Bd3 44. Ke3 e4 45. Kd4 Kf7 46. Rc5 Ke6 47. a4 Kd6
48. Rxg5 Rxc7 49. Rd5+ Kc6 50. Rc5+ Kb7 51. Rh5 Re7 52. Ke3 Bc2 53. a5 Ba4 54.
Rh6 Be8 55. Rb6+ Ka7 56. Rh6 Bg6 57. h4 Re6 58. g5 Kb7 59. h5 Bf5 60. g6 hxg6
61. hxg6 Bxg6 62. Rh1 Re5 63. Rh6 Bf5 64. Rb6+ Ka7 65. Kf4 Rxa5 66. Rf6 Kb7 67.
Rf7+ Kc8 68. Ra7 Kb8 69. Rf7 Rb5 70. Ke3 a5 71. Kd4 Rb4+ 72. Ke3 Bg4 0-1

[Event "AUTO-OPEN-3786"]
[Site "http://www.queenalice.com/game.php?id=1472401"]
[Date "2017.4.7"]
[Round "1"]
[White "Zugswang"]
[Black "kokokinel"]
[Result "0-1"]
[WhiteElo "2167"]
[BlackElo "2224"]

1. e4 e5 2. f4 exf4 3. Nf3 Ne7 4. d4 d5 5. Nc3 dxe4 6. Nxe4 Nd5 7. c4 Ne3 8.
Bxe3 fxe3 9. Qd3 Bb4+ 10. Nc3 O-O 11. O-O-O Bxc3 12. Qxc3 Re8 13. Bd3 Bg4 14.
Rhe1 Qf6 15. Be2 Nc6 16. h3 Bh5 17. g4 Bg6 18. b4 a6 19. Rf1 Qe7 20. a3 Rad8 21.
Kb2 h6 22. h4 h5 23. g5 Qd6 24. Kb3 Re4 25. d5 Ne7 26. Rd4 Rxd4 27. Nxd4 Qg3 28.
Qe1 Qxe1 29. Rxe1 Re8 30. Kc3 b5 31. Bd3 Bxd3 32. Kxd3 bxc4+ 33. Kxc4 Ng6 34.
Kc5 Nxh4 35. Kc6 Ng2 36. Rd1 Re7 37. Ne2 g6 38. a4 Re4 39. Kxc7 Rc4+ 40. Kd8 Rc2
41. Ng1 Rd2 42. Rb1 Rxd5+ 43. Ke7 Rxg5 44. b5 axb5 45. axb5 e2 46. Nxe2 Re5+ 47.
Kd6 Rxe2 48. b6 Re8 49. b7 h4 50. b8=Q Rxb8 51. Rxb8+ Kg7 52. Ke5 f6+ 53. Ke4 g5
54. Kf3 Nf4 55. Kg4 Kg6 56. Rg8+ Kf7 57. Rb8 h3 58. Kf5 Kg7 59. Rb7+ Kh6 60. Rb8
Ng6 61. Rb3 Nh4+ 62. Kg4 h2 63. Rh3 f5+ 64. Kg3 Kh5 65. Rxh2 f4+ 66. Kf2 g4 67.
Kg1 Kg5 68. Ra2 g3 69. Ra5+ Kg4 70. Ra8 Nf3+ 71. Kg2 Nh4+ 72. Kf1 f3 73. Rg8+
Kh3 74. Rh8 Kg4 75. Rg8+ Kf4 76. Rf8+ Nf5 77. Rf6 Kg4 78. Rf8 Ne3+ 79. Kg1 Nf5
80. Rg8+ Kf4 81. Rf8 Ke4 82. Re8+ Kd3 83. Rf8 Ke4 84. Re8+ Kf4 85. Rf8 Kg4 86.
Rg8+ Kh5 87. Rh8+ Nh6 88. Ra8 Nf7 89. Rf8 Ng5 90. Rh8+ Kg4 91. Rg8 Kf4 92. Rf8+
Ke3 93. Re8+ Ne4 94. Re7 g2 95. Re8 Kd3 96. Re7 Ng5 97. Kh2 Nh3 98. Rg7 g1=Q+
99. Rxg1 Nxg1 100. Kxg1 Ke2 0-1

[Event "AUTO-OPEN-3786"]
[Site "http://www.queenalice.com/game.php?id=1472402"]
[Date "2017.4.7"]
[Round "1"]
[White "kokokinel"]
[Black "Zugswang"]
[Result "1/2-1/2"]
[WhiteElo "2146"]
[BlackElo "2178"]

1. e4 c5 2. c3 Nc6 3. d4 cxd4 4. cxd4 d6 5. Nf3 Nf6 6. Nc3 a6 7. a3 Bg4 8. Be2
e5 9. d5 Bxf3 10. Bxf3 Nd4 11. Be3 Nxf3+ 12. gxf3 b5 13. h4 h6 14. Rc1 Be7 15.
Rg1 g6 16. Qd2 Nh5 17. Bxh6 Bxh4 18. Be3 Qf6 19. Ke2 Rc8 20. Na2 O-O 21. Nb4
Rxc1 22. Qxc1 Nf4+ 23. Bxf4 exf4 24. Nc6 Qg7 25. Nb4 Qd4 26. Rg2 Bf6 27. Nd3 Be5
28. Nxe5 Qxe5 29. Rg4 g5 30. Rg1 f6 31. Qc2 Re8 32. Re1 Qxd5 33. Kf1 Qc4+ 34.
Re2 Rc8 35. Qd2 Qc1+ 36. Kg2 Qxd2 37. Rxd2 Rc6 38. Kh3 Kf7 39. Kg4 Ke6 40. Re2
Ke5 41. Rd2 Rc5 42. Kh5 a5 43. Kg6 Ke6 44. Re2 Re5 45. Rc2 Rc5 46. Re2 b4 47.
axb4 axb4 48. Rd2 Ke5 49. Rd1 Rc2 50. Kf7 Rc7+ 51. Kg6 Rc5 52. Rd2 b3 53. Rd3
Rc2 54. Kf7 Rc7+ 55. Kg6 Rb7 56. Rd5+ Ke6 57. Rf5 Rf7 58. Rb5 Rf8 59. Rxb3 Rg8+
60. Kh7 Rc8 61. Rc3 Rxc3 62. bxc3 f5 63. exf5+ Kxf5 64. c4 g4 65. fxg4+ Kxg4 66.
Kg6 f3 67. Kf6 Kh3 68. Ke6 Kg2 69. Kxd6 Kxf2 70. c5 Kg2 71. c6 f2 72. c7 f1=Q
73. c8=Q 1/2-1/2

[Event "AUTO-OPEN-3786"]
[Site "http://www.queenalice.com/game.php?id=1472403"]
[Date "2017.4.7"]
[Round "1"]
[White "Zugswang"]
[Black "yclaudiu35"]
[Result "1-0"]
[WhiteElo "2165"]
[BlackElo "2001"]

1. e4 e5 2. f4 exf4 3. Nf3 g5 4. Bc4 Nc6 5. O-O Bg7 6. d4 g4 7. c3 gxf3 8. Qxf3
Qe7 9. Bxf4 d6 10. Nd2 f6 11. Rae1 Nh6 12. Qh5+ Nf7 13. b4 Nd8 14. e5 Be6 15.
exd6 cxd6 16. d5 O-O 17. Bd3 Nh6 18. Bxh6 Qf7 19. Qxf7+ Bxf7 20. Bf4 Bxd5 21. c4
Bf7 22. Bxd6 Nc6 23. Bxf8 Rxf8 24. b5 Nb4 25. Bb1 Rc8 26. a3 Bxc4 27. Nxc4 Rxc4
28. axb4 Rxb4 29. Re8+ Kf7 30. Rfe1 Rxb1 31. Re7+ Kg6 32. Rxg7+ Kxg7 33. Rxb1
1-0

[Event "AUTO-OPEN-3786"]
[Site "http://www.queenalice.com/game.php?id=1472404"]
[Date "2017.4.7"]
[Round "1"]
[White "yclaudiu35"]
[Black "Zugswang"]
[Result "0-1"]
[WhiteElo "1999"]
[BlackElo "2171"]

1. e4 Nf6 2. Nc3 e5 3. Bc4 c6 4. d3 h6 5. a3 d5 6. exd5 cxd5 7. Ba2 Be6 8. Nf3
Nc6 9. O-O Bd6 10. Re1 O-O 11. h3 a6 12. g4 Qc7 13. g5 hxg5 14. Bxg5 d4 15. Bxf6
dxc3 16. Bxe6 fxe6 17. Bh4 Nd4 18. Nxd4 exd4 19. b4 Qf7 20. Qe2 Rae8 21. Qe4 Qf5
22. Qxd4 Qxh3 23. Qxd6 Qxh4 24. Qg3 Qh5 25. Kg2 Qd5+ 26. Re4 Rf5 27. Kf1 Ref8
28. f4 e5 29. Ke2 exf4 30. Qf3 Re5 31. Kf2 Rxe4 32. Qxe4 Qxe4 33. dxe4 Rd8 34.
Re1 Rd2+ 35. Re2 Rd1 36. e5 Kf7 37. Kf3 g5 38. e6+ Ke7 39. Re5 Rg1 40. Rc5 Kxe6
41. Kf2 Rg3 42. Rc7 Kf5 43. Rxb7 Rh3 44. Ra7 Rh2+ 45. Ke1 Rxc2 46. Rxa6 Rb2 47.
Rc6 Rb3 48. Kd1 Rxa3 49. Kc2 f3 50. Rd6 f2 51. Rd8 Kf4 52. b5 Kg3 53. Rf8 Kg2
54. Rg8 f1=Q 55. Rxg5+ Kh3 0-1

[Event "AUTO-MASTER-2582"]
[Site "http://www.queenalice.com/game.php?id=1472784"]
[Date "2017.4.10"]
[Round "1"]
[White "Artking"]
[Black "Zugswang"]
[Result "1-0"]
[WhiteElo "2016"]
[BlackElo "2182"]

1. c4 g6 2. d4 Bg7 3. Nc3 c5 4. d5 d6 5. Qc2 a6 6. a4 Nf6 7. e4 O-O 8. f4 Qc7 9.
Nf3 e6 10. Be2 h6 11. O-O exd5 12. cxd5 Nbd7 13. e5 dxe5 14. fxe5 Nxe5 15. Nxe5
Qxe5 16. Bf4 Qd4+ 17. Kh1 Bf5 18. Qd2 Qxd2 19. Bxd2 Ne4 20. Nxe4 Bxe4 21. d6
Bxb2 22. Bxh6 Bxa1 23. Bxf8 Rxf8 24. Rxa1 Rd8 25. Rd1 Bc6 26. a5 f5 27. Bc4+ Kg7
28. Kg1 Kf6 29. Kf2 Ke5 30. h4 Rxd6 31. Rxd6 Kxd6 32. Bf7 Ke5 33. Bxg6 c4 34.
Bh5 c3 35. Ke3 Be4 36. Bf3 f4+ 37. Ke2 Kd4 38. h5 Bd3+ 39. Kd1 Kc5 40. h6 Kb4
41. Bxb7 Kxa5 42. Bd5 Bh7 43. Bb3 Kb4 44. Bc2 Bg8 45. h7 Bxh7 46. Bxh7 Kb3 47.
Kc1 a5 48. Bg8+ Kb4 49. Kc2 a4 50. Bf7 a3 51. Ba2 f3 52. gxf3 Kc5 53. Kxc3 Kd6
54. Kd4 Ke7 55. Ke5 Kf8 56. Kf6 Ke8 57. Kg7 Ke7 58. f4 Kd6 59. f5 Ke5 60. f6 Kd4
61. f7 Kc3 62. f8=Q Kb2 63. Qf2+ Ka1 64. Bb3 1-0

[Event "AUTO-MASTER-2582"]
[Site "http://www.queenalice.com/game.php?id=1472785"]
[Date "2017.4.10"]
[Round "1"]
[White "Zugswang"]
[Black "Artking"]
[Result "1/2-1/2"]
[WhiteElo "2172"]
[BlackElo "2152"]

1. e4 c5 2. Nf3 d6 3. d4 cxd4 4. Nxd4 Nf6 5. Nc3 a6 6. a4 g6 7. Be2 Bg7 8. Be3
Nc6 9. Qd2 Bd7 10. h4 h5 11. f4 Qc7 12. Nd5 Nxd5 13. exd5 Nxd4 14. Bxd4 Bxd4 15.
Qxd4 O-O 16. Bd3 b5 17. axb5 axb5 18. Rc1 Ra4 19. Qe3 e5 20. f5 gxf5 21. Qg5+
Kh8 22. Qxh5+ Kg7 23. Qg5+ Kh8 24. Qf6+ Kh7 25. Bxf5+ Bxf5 26. Qxf5+ Kg7 27. Rh3
Rg8 28. g4 Qc5 29. Rf3 Qxd5 30. Rd1 Re4+ 31. Kf2 Qc5+ 32. Kg3 Rf4 33. Rxf4 exf4+
34. Qxf4 Re8 35. Qd4+ Qxd4 36. Rxd4 Re2 37. Rb4 Rxc2 38. Rxb5 Rd2 39. Kf4 Kg6
40. h5+ Kh6 41. Kf5 d5 42. Rb6+ Kg7 43. g5 d4 44. b4 Rd1 45. Rd6 d3 46. Ke4 d2
47. Ke3 Rb1 48. h6+ Kh7 49. Kxd2 Rxb4 50. Rf6 Rb7 51. Ke3 Ra7 52. Kf4 Ra4+ 53.
Kf5 Ra7 54. Kg4 Rb7 55. Kh5 Rc7 56. Ra6 Rb7 57. Rc6 Rd7 58. Rf6 Rb7 59. Rf5 Rc7
60. Rf6 Rb7 61. Kg4 Rc7 62. Rb6 Re7 63. Kf5 Rc7 64. Kf6 Rd7 65. Rb8 Rc7 66. Rf8
Rc6+ 67. Kxf7 Rc7+ 68. Kf6 Rc6+ 69. Kf5 Rc5+ 70. Kg4 Rxg5+ 71. Kf4 Kxh6 72. Rh8+
Kg7 73. Rg8+ Kxg8 74. Kxg5 Kg7 1/2-1/2

[Event "AUTO-MASTER-2582"]
[Site "http://www.queenalice.com/game.php?id=1472810"]
[Date "2017.4.10"]
[Round "1"]
[White "clovis"]
[Black "Zugswang"]
[Result "0-1"]
[WhiteElo "2005"]
[BlackElo "2168"]

1. e4 c5 2. Nf3 Nc6 3. Bb5 Nd4 4. Nxd4 cxd4 5. O-O a6 6. Ba4 b5 7. Bb3 e5 8. d3
Nf6 9. f4 d6 10. fxe5 dxe5 11. Bg5 Be7 12. Nd2 h6 13. Bh4 O-O 14. Nf3 Ng4 15.
Bxe7 Qxe7 16. Qe1 Ne3 17. Rf2 Bg4 18. Re2 Kh7 19. Rxe3 dxe3 20. Qxe3 f5 21. exf5
Bxf5 22. Qxe5 Qa7+ 23. d4 Rae8 24. Qg3 Be4 25. c3 a5 26. a4 b4 27. Re1 bxc3 28.
Rxe4 Rxe4 29. Bc2 Re8 30. bxc3 Kh8 31. Bxe4 Rxe4 32. h3 Re3 33. c4 Qxd4 34. Kh2
Qxc4 35. Qd6 Qf7 36. Qd8+ Re8 37. Qxa5 Qf4+ 38. Kg1 Rc8 39. Qb5 Rc1+ 40. Kf2
Rc2+ 41. Kg1 Qe3+ 42. Kh2 Qxf3 0-1

[Event "AUTO-MASTER-2582"]
[Site "http://www.queenalice.com/game.php?id=1472811"]
[Date "2017.4.10"]
[Round "1"]
[White "Zugswang"]
[Black "clovis"]
[Result "1/2-1/2"]
[WhiteElo "2189"]
[BlackElo "1951"]

1. e4 e5 2. f4 exf4 3. Nf3 g5 4. Bc4 g4 5. Ne5 Qh4+ 6. Kf1 Nh6 7. d4 Bg7 8. Bxf4
Nc6 9. Nxc6 dxc6 10. Nc3 Bd7 11. Ne2 O-O-O 12. g3 Qh3+ 13. Kf2 Be6 14. Bg5 Bxc4
15. Bxd8 Rxd8 16. Nf4 Bxd4+ 17. Qxd4 Rxd4 18. Nxh3 gxh3 19. Ke3 c5 20. b3 Bb5
21. Rad1 Ng4+ 22. Kf3 h5 23. Rxd4 cxd4 24. Kf4 c5 25. Kg5 Bc6 26. Kxh5 Bxe4 27.
Re1 f5 28. Re2 Nxh2 29. Rxh2 Bg2 30. Kg5 Kd7 31. Kxf5 Kd6 32. g4 b5 33. Kf4 c4
34. g5 a5 35. Kg3 Ke5 36. Rxg2 hxg2 37. Kxg2 Kf5 38. Kf3 Kxg5 39. Ke4 d3 40.
cxd3 cxb3 41. axb3 a4 42. bxa4 bxa4 43. Kd4 Kf4 44. Kc4 Ke3 45. Kc3 a3 46. d4 a2
47. Kb2 Kxd4 1/2-1/2